Ranking of the Autumn Nation Cup. - Statistics

General Stats
  • This quiz has been taken 31 times
  • The average score is 7 of 8
Answer Stats
Place W L Nation % Correct
1 65 4 0 England
100%
2 63 3 1 France
100%
3 40 3 1 Ireland
100%
6 -44 1 3 Italy
100%
4 47 2 2 Scotland
91%
5 4 2 2 Wales
91%
7 -78 1 3 Fiji
82%
8 -86 0 4 Georgia
73%
No matching quizzes found
Score Distribution
Percent of People with Each Score
Percentile by Number Answered
Your Score History
You have not taken this quiz